[Event "Penang op 11th"]
[Site "Penang"]
[Date "2019.12.13"]
[Round "8"]
[White "Sow, Miaogeng Malcolm"]
[Black "Muthu, P."]
[Result "1-0"]
[WhiteElo "1681"]
[BlackElo "1823"]
[PlyCount "55"]
[EventDate "2019.12.09"]
[EventType "swiss"]
[EventRounds "9"]
[EventCountry "MAS"]
[SourceTitle "CBM 193 Extra"]
[Source "ChessBase"]
[SourceDate "2020.01.31"]
[SourceVersion "1"]
[SourceVersionDate "2020.01.31"]
[SourceQuality "1"]

1. e4 e5 2. d4 exd4 3. c3 dxc3 4. Bc4 d6 5. Nf3 Nf6 6. Qb3 d5 7. exd5 Bd6 8. Nxc3 0-0 9. 0-0 Nbd7 10. Bg5 h6 11. Bh4 Nb6 12. Rfe1 Bg4 13. Ne4 Be7 14. Ne5 Bf5 15. d6 cxd6 16. Nxf7 Rxf7 17. Bxf7+ Kh8 18. Nxf6 Bxf6 19. Re8+ Qxe8 20. Bxe8 Bxh4 21. Re1 Rc8 22. Qf3 Be6 23. Qf8+ Kh7 24. g3 Bh3 25. gxh4 Rc4 26. f3 Rc8 27. Qxd6 Bf5 28. h5 1-0

[Event "Penang op 10th"]
[Site "Penang"]
[Date "2018.12.08"]
[Round "9"]
[White "Sow, Miaogeng Malcolm"]
[Black "Nethmina, SA Indura"]
[Result "1/2-1/2"]
[WhiteElo "1524"]
[BlackElo "1536"]
[PlyCount "115"]
[EventDate "2018.12.03"]
[EventType "swiss"]
[EventRounds "9"]
[EventCountry "MAS"]
[SourceTitle "CBM 187 Extra"]
[Source "ChessBase"]
[SourceDate "2018.11.04"]
[SourceVersion "1"]
[SourceVersionDate "2018.11.04"]
[SourceQuality "1"]

1. e4 d6 2. d4 g6 3. Nc3 Bg7 4. Be2 a6 5. Be3 b5 6. a3 Bb7 7. h3 Nd7 8. Nf3 e6 9. 0-0 Ngf6 10. e5 Nd5 11. Nxd5 Bxd5 12. Bg5 Qb8 13. Re1 dxe5 14. dxe5 c5 15. Bf4 Qc7 16. a4 b4 17. Qd2 0-0 18. b3 Rfd8 19. Qe3 Nb6 20. Nh2 Bb7 21. Bc4 Nxc4 22. bxc4 Rd4 23. Ng4 h5 24. Nh2 Re4 25. Qg3 Rxc4 26. Re2 Rd8 27. Nf3 Bxf3 28. Qxf3 Rcd4 29. g3 Rd1+ 30. Rxd1 Rxd1+ 31. Kg2 Qd8 32. Qc6 Qd5+ 33. Qxd5 Rxd5 34. Re3 Bf8 35. c3 c4 36. cxb4 Bxb4 37. Re4 Rc5 38. Rd4 Rc8 39. Kf1 Ba3 40. Rd2 c3 41. Rc2 Bb4 42. Ke2 a5 43. Bd2 Rc5 44. Bf4 Kf8 45. Kd3 Rd5+ 46. Kc4 Rd2 47. Kb3 Rxc2 48. Kxc2 Ke7 49. Be3 f6 50. exf6+ Kxf6 51. Bd4+ Kf5 52. Bxc3 Bxc3 53. Kxc3 Ke4 54. g4 hxg4 55. hxg4 Kf3 56. g5 e5 57. Kc4 e4 58. Kd4 1/2-1/2

[Event "Penang op 10th"]
[Site "Penang"]
[Date "2018.12.06"]
[Round "6"]
[White "Sow, Miaogeng Malcolm"]
[Black "Xie, Kaifan"]
[Result "0-1"]
[WhiteElo "1524"]
[BlackElo "1745"]
[PlyCount "78"]
[EventDate "2018.12.03"]
[EventType "swiss"]
[EventRounds "9"]
[EventCountry "MAS"]
[SourceTitle "CBM 187 Extra"]
[Source "ChessBase"]
[SourceDate "2018.11.04"]
[SourceVersion "1"]
[SourceVersionDate "2018.11.04"]
[SourceQuality "1"]

1. e4 c5 2. d4 cxd4 3. c3 dxc3 4. Nxc3 Nc6 5. Bc4 Nf6 6. Nf3 d6 7. e5 dxe5 8. Qxd8+ Kxd8 9. Ng5 Na5 10. Bxf7 e6 11. 0-0 Bb4 12. Bxe6 Ke7 13. Bxc8 Raxc8 14. Re1 Nc4 15. Bf4 Bxc3 16. bxc3 Rc5 17. Rab1 b6 18. Bg3 h6 19. Ne4 Nxe4 20. Rxe4 Nd2 21. Rbe1 Nxe4 22. Rxe4 Kf6 23. h4 Rd8 24. h5 Rd2 25. Ra4 a5 26. Rg4 Rxa2 27. Rg6+ Kf5 28. Rxb6 Rxc3 29. Rb5 Rxg3 30. fxg3 a4 31. Rb7 a3 32. Rxg7 Rb2 33. Ra7 a2 34. Kh2 e4 35. Kh3 e3 36. g4+ Ke4 37. Kg3 e2 38. Ra4+ Ke3 39. Ra3+ Kd2 0-1

[Event "Penang op 10th"]
[Site "Penang"]
[Date "2018.12.05"]
[Round "4"]
[White "Sow, Miaogeng Malcolm"]
[Black "Muzzafar, Ahmad"]
[Result "1-0"]
[WhiteElo "1524"]
[BlackElo "1785"]
[PlyCount "69"]
[EventDate "2018.12.03"]
[EventType "swiss"]
[EventRounds "9"]
[EventCountry "MAS"]
[SourceTitle "CBM 187 Extra"]
[Source "ChessBase"]
[SourceDate "2018.11.04"]
[SourceVersion "1"]
[SourceVersionDate "2018.11.04"]
[SourceQuality "1"]

1. e4 c5 2. d4 cxd4 3. c3 Nf6 4. e5 Nd5 5. Qxd4 e6 6. Nf3 Nc6 7. Qe4 b6 8. Bc4 Nde7 9. Bg5 Qc7 10. Nbd2 Bb7 11. Qe2 Ng6 12. Rd1 Ncxe5 13. Bb3 f6 14. Be3 Bd6 15. 0-0 0-0 16. Nxe5 fxe5 17. Nc4 Be7 18. Qg4 Bd5 19. g3 Rac8 20. Nd2 Bxb3 21. Nxb3 Qc6 22. h4 Bc5 23. Bxc5 bxc5 24. h5 Ne7 25. Na5 Qb5 26. Nc4 Nf5 27. Nxe5 d5 28. Rfe1 Qxb2 29. Nd7 Rf7 30. Rb1 Qxa2 31. Rb7 Ne3 32. Nf6+ Kh8 33. Qxe6 Rff8 34. Rxe3 gxf6 35. Qf5 1-0

[Event "Penang op 10th"]
[Site "Penang"]
[Date "2018.12.04"]
[Round "3"]
[White "Li, Guohao"]
[Black "Sow, Miaogeng Malcolm"]
[Result "1-0"]
[WhiteElo "1955"]
[BlackElo "1524"]
[PlyCount "85"]
[EventDate "2018.12.03"]
[EventType "swiss"]
[EventRounds "9"]
[EventCountry "MAS"]
[SourceTitle "CBM 187 Extra"]
[Source "ChessBase"]
[SourceDate "2018.11.04"]
[SourceVersion "1"]
[SourceVersionDate "2018.11.04"]
[SourceQuality "1"]

1. Nf3 c5 2. g3 e6 3. Bg2 Nc6 4. 0-0 f5 5. d4 Nf6 6. c4 cxd4 7. Nxd4 Nxd4 8. Qxd4 Be7 9. Nc3 0-0 10. Rd1 a6 11. Bf4 Ne8 12. c5 Bf6 13. Be5 Rb8 14. Na4 Qa5 15. Bxf6 Rxf6 16. Nb6 d6 17. cxd6 e5 18. Qd5+ Qxd5 19. Bxd5+ Be6 20. Bxe6+ Rxe6 21. d7 Rxb6 22. d8Q Rxd8 23. Rxd8 Kf7 24. b3 Ke7 25. Rd2 Nd6 26. Rc1 Nb5 27. Rc5 Re6 28. a4 b6 29. Rc8 Nd4 30. Rc7+ Kf6 31. Kg2 a5 32. e3 Nxb3 33. Rdd7 e4 34. Rxg7 h6 35. Rh7 Kg5 36. h4+ Kh5 37. Rcg7 Rg6 38. Rxg6 Kxg6 39. Rb7 Nc5 40. Rxb6+ Kh5 41. Rb5 Nd3 42. Rxf5+ Kg4 43. Rxa5 1-0